000 01318 a2200253 4500
001 36940
005 20260407155641.0
008 260407a1996 arg spa d
003 AR-UNSa-BCEJYS
040 _aAR-UNSa-BCEJYS
_bspa
_cAR-UNSa-BCEJYS
080 _a658.012.4
_xGestión. Dirección. Autoridad. Técnicas y métodos de gestión (gestión del conocimiento, Outsourcing, Benchmarking...)
245 1 0 _aBenchmarking de la función financiera
020 _a84-481-0701-2
264 1 _aMadrid :
_bMcGraw-Hill
_c1996
300 _ax, 152 p.
_c23 cm.
505 _a1. Introducción - 2. El benchmarking como herramienta de gestión - 3. La función financiera en la empresa - 4. El benchmarking de la función financiera - 5. Tesorería (I). Planificación - 6. Tesorería (II) Gestión de las operaciones - 7. Tesorería (III) Gestión financiera - 8. Tesorería (IV) Relación con entidades financieras. Conciliación y negociación bancaria - 9. La gestión del circulante - 10. La función de financiación - 11. La facturación
041 _aspa
942 _cBK
590 _aniveau_biblio:m niveau_hierar:0
100 1 _aSuárez, José Luis
700 1 _aArias, Alvaro
700 1 _aFernández, Tomás
856 4 1 _uhttps://170.210.207.44/pmb/images/libros/L125480.jpg
_yImagen de portada
_qimage/jpeg
999 _c2692
_d2692